| 000 | 01237nam2a22002291 4500 | ||
|---|---|---|---|
| 001 | rc\484653 | ||
| 005 | 20250621135102.0 | ||
| 035 | _a(NLR Aleph) 005809247 | ||
| 090 |
_a5371504 _c5371504 |
||
| 100 | _a20030616d1987 |||y0rusy50 ca | ||
| 101 | 0 | _arus | |
| 102 | _aRU | ||
| 105 | _aa ||||||||| | ||
| 200 | 1 | _aСтатистический расчет плоских стержневых систем | |
| 210 |
_d1987 _aБ. м. |
||
| 215 |
_a75 с., [2] л. бланк. _cил. |
||
| 461 | 0 |
_1001rc\484652 _12001#$aПакет прикладных программ ППП АПЖБК (ЛИРА)$e[Метод.] руководство по использ.$fРиж. политехнич. ин-т им. А.Я. Пельше. Каф. строит. конструкций$g[Сост.: Р.Р. Озолиньш, А.Я. Гайлис]$vЧ. 1 _95371496 _cРига _d1987 _fРиж. политехнич. ин-т им. А.Я. Пельше. Каф. строит. конструкций _nРПИ _o[Метод.] руководство по использ. _tПакет прикладных программ ППП АПЖБК (ЛИРА) _vЧ. 1 |
|
| 801 | 0 |
_aRU _bNLR _gpsbo |
|
| 801 | 1 |
_aRU _bELAR _2rusmarc |
|
| 852 |
_aNLR _j88-4/15015 |
||
| 942 | _cBOOK | ||
| 980 | _aNB | ||